000 00629nam a2200205Ia 4500
003 GCL
008 140319s9999 xx 000 0 ara d
040 _aGCL /
_cGCL
082 0 4 _a811.5
_bن ب
100 1 _aنديم مرعشلى
245 1 0 _aالبحترى /
_cنديم مرعشلى
260 _a[S.N] :
_bدار طلاس للدراسات والترجمة ،
_c1987
300 _a290 ص
490 _a
650 0 4 _aالشعر العربى
650 0 4 _aالادب العربى
650 0 4 _aالبحترى، ابوعبادة الوليد بن عبيد، 821 - 897 م
650 0 4 _aالادباء
942 _2ddc
_cBK
999 _c35936
_d35936